000 00580nam a2200229Ia 4500
005 20250425162402.0
008 250425s9999 xx 000 0 und d
020 _a0131479725
041 _aeng
082 _a657.48
100 _aHORNGREN, CHARLES T.
245 0 _aINTRODUCTION TO FINANCIAL ACCOUNTING
250 _a9TH ED.
260 _aEstados Unidos
_bPEARSON PRENTICE HALL
_c2006
260 _aS.L.
300 _a598
650 _aCONTABILIDAD FINANCIERA
650 _aESTADOS FINANCIEROS
710 _aPEARSON PRENTICE HALL
942 _c01
010 _a67950
999 _c228128
_d228128